[Event "GRE-ch Schools Gymnasia-B 30th"]
[Site "Peristeri"]
[Date "2018.04.01"]
[Round "6"]
[White "Nteligiorgis, Eleftherios"]
[Black "Michailidis, Emmanouil"]
[Result "1-0"]
[WhiteElo "1628"]
[BlackElo "1168"]
[PlyCount "104"]
[EventDate "2018.04.01"]
[EventType "swiss (rapid)"]
[EventRounds "9"]
[EventCountry "GRE"]
[SourceTitle "EXT 2019"]
[Source "ChessBase"]
[SourceDate "2018.10.10"]
[SourceVersion "1"]
[SourceVersionDate "2018.10.10"]
[SourceQuality "1"]

1. e4 e5 2. Nf3 Nc6 3. d4 exd4 4. Nxd4 Bc5 5. Nb3 Bb6 6. Nc3 d6 7. Qe2 Be6 8. f3 Bxb3 9. axb3 Nf6 10. Be3 Bxe3 11. Qxe3 0-0 12. Bc4 Qe7 13. 0-0 Rfe8 14. Nd5 Nxd5 15. Bxd5 a6 16. Qc3 Qd7 17. f4 Nd8 18. Qf3 c6 19. Bc4 Ne6 20. c3 Nc7 21. Rad1 Ne6 22. b4 Rad8 23. h4 Qe7 24. g3 Nc7 25. Rfe1 d5 26. exd5 Qxe1+ 27. Rxe1 Rxe1+ 28. Kf2 Rb1 29. Qe2 cxd5 30. Bd3 Re8 31. Qc2 Rbe1 32. Bxh7+ Kh8 33. Bd3 Rh1 34. Bf1 Rh2+ 35. Bg2 Ne6 36. Kg1 Rxg2+ 37. Kxg2 Rc8 38. Qd3 Rd8 39. f5 Nc7 40. Qf3 f6 41. Qf4 Nb5 42. Qe3 d4 43. Qe7 Rd6 44. c4 d3 45. cxb5 Rd5 46. Qe4 Rxb5 47. Qxd3 Rxb4 48. b3 Kh7 49. Kh3 Rb6 50. g4 Rb5 51. g5 fxg5 52. hxg5 b6 1-0